Podrobná bibliografia
Personálne heslo: Barčák, Andrej, 1920-
Médium:Regionálne osobnosti
Bližší popis: Narodený 19.01.1920 Mlynky. Politik
Poznámka: Ing.
Zdroj: 1. Životopisy nových členov a kandidátov Predsedníctva ÚV KSČS a členov Sekretariátu ÚV KSČS 1. Pravda. - Roč. 51, č. 25 C+ (30.1.1970), s. 1,2
LEADER 00878nz a2200361n 4500
001 000056310
003 SVKKK
005 20070626141833.0
008 060215|n|annnnaabn | a|c
FMT
040 |a SVKKK  |b slo  |e AACR2 
080 |a 3 KSČ 
080 |a 32-051 
100 1 |a Barčák, Andrej,  |d 1920- 
670 |a Životopisy nových členov a kandidátov Predsedníctva ÚV KSČS a členov Sekretariátu ÚV KSČS 
678 0 |a Narodený 19.01.1920 Mlynky. Politik 
680 |a Ing. 
909 |a SK 
971
972
973
975
981
981
981
993
993
993
994
994
995 |c Životopisy nových členov a kandidátov Predsedníctva ÚV KSČS a členov Sekretariátu ÚV KSČS  |d Pravda. - Roč. 51, č. 25 C+ (30.1.1970), s. 1,2 
BAS
998 |a REOS